The Two Term Presidents - Statistics

General Stats
  • This quiz has been taken 43 times
  • The average score is 19 of 22
Answer Stats
Years Party Answer Notes % Correct
2009-2017 Democrat Barack Obama
97%
1789-1797 Independent George Washington
97%
1993-2001 Democrat Bill Clinton
94%
2001-2009 Republican George W. Bush
94%
1969-1974 Republican Richard Nixon One full term, one partial term
94%
2017-2021, 2025-2029 Republican Donald Trump When inaugurated in 2025
92%
1933-1945 Democrat Franklin D. Roosevelt Three full terms, one partial term
92%
1981-1989 Republican Ronald Reagan
92%
1801-1809 Democratic-Republican Thomas Jefferson
92%
1953-1961 Republican Dwight D. Eisenhower
89%
1945-1953 Democrat Harry S. Truman One full term, one partial term
89%
1963-1969 Democrat Lyndon B. Johnson One full term, one partial term
89%
1901-1909 Republican Theodore Roosevelt One full term, one partial term
89%
1809-1817 Democratic-Republican James Madison
86%
1913-1921 Democrat Woodrow Wilson
86%
1861-1865 Republican Abraham Lincoln One full term, one partial term
83%
1869-1877 Republican Ulysses S. Grant
83%
1897-1901 Republican William McKinley One full term, one partial term
83%
1817-1825 Democratic-Republican James Monroe
81%
1829-1837 Democrat Andrew Jackson
78%
1885-1889, 1893-1897 Democrat Grover Cleveland Non Consecutive Term
78%
1923-1929 Republican Calvin Coolidge One full term, one partial term
75%
No matching quizzes found
Score Distribution
Percent of People with Each Score
Percentile by Number Answered
Your Score History
You have not taken this quiz